[Event "EU-ch Amateur Online 1400/1700"]
[Site "Tornelo INT"]
[Date "2021.04.17"]
[Round "3"]
[White "Papadimitrakis, Georgios"]
[Black "Atasoy, Ata"]
[Result "0-1"]
[WhiteElo "1371"]
[BlackElo "1636"]
[PlyCount "100"]
[EventDate "2021.04.17"]
[EventType "swiss (rapid)"]
[EventRounds "8"]
[EventCountry "NET"]
[SourceTitle "EXT 2023"]
[Source "ChessBase"]
[SourceDate "2022.10.05"]
[SourceVersion "1"]
[SourceVersionDate "2022.10.05"]
[SourceQuality "1"]

1. e4 c5 2. Nf3 e6 3. c3 d5 4. exd5 Qxd5 5. d4 Nf6 6. Bd3 Nc6 7. 0-0 Be7 8. dxc5 Bxc5 9. Bg5 Be7 10. c4 Qa5 11. a3 h6 12. Bh4 0-0 13. Nc3 a6 14. Qc2 Qc7 15. Rfe1 Re8 16. b4 b6 17. b5 Na5 18. Qa4 Bb7 19. Ne5 Bd6 20. Bxf6 gxf6 21. Ng4 Kg7 22. h3 f5 23. Ne3 Rg8 24. Rad1 Kh8 25. Bf1 f4 26. Ng4 f3 27. Ne4 Bf4 28. Nef6 Rg7 29. Rd7 Qb8 30. Nh5 Rg5 31. Nxf4 Qxf4 32. g3 Qf5 33. Bd3 Qc5 34. Rxf7 axb5 35. cxb5 Qd6 36. Rh7+ Kg8 37. Nxh6+ Kf8 38. Rf7+ Ke8 39. Qd1 Rxg3+ 40. Kf1 Rg5 41. Ng4 Rd5 42. Nf6+ Kxf7 43. Nxd5 Bxd5 44. Be4 Nc4 45. Bxd5 Qxd5 46. Re3 Qxd1+ 47. Re1 Nd2+ 48. Kg1 Qxe1+ 49. Kh2 Qxf2+ 50. Kh1 Qg2# 0-1

[Event "GRE-ch South U16"]
[Site "Athens"]
[Date "2020.09.01"]
[Round "7"]
[White "Papadimitrakis, Georgios"]
[Black "Karagiorgos, Nikolaos"]
[Result "0-1"]
[WhiteElo "1475"]
[BlackElo "1469"]
[PlyCount "112"]
[EventDate "2020.08.28"]
[EventType "swiss"]
[EventRounds "9"]
[EventCountry "GRE"]
[SourceTitle "EXT 2023"]
[Source "ChessBase"]
[SourceDate "2022.10.05"]
[SourceVersion "1"]
[SourceVersionDate "2022.10.05"]
[SourceQuality "1"]

1. e4 c5 2. Nf3 g6 3. c3 Nf6 4. e5 Nd5 5. d4 cxd4 6. cxd4 d6 7. Bc4 Nb6 8. Bb3 Bg7 9. 0-0 0-0 10. Bf4 Nc6 11. exd6 Bg4 12. dxe7 Qxe7 13. Be3 Nxd4 14. Bxd4 Rfd8 15. Qe1 Qxe1 16. Rxe1 Bxd4 17. Nxd4 Rxd4 18. Nc3 Kf8 19. h3 Bf5 20. Rad1 Rad8 21. Nb5 Rxd1 22. Rxd1 Rxd1+ 23. Bxd1 Bb1 24. Bb3 a5 25. Nc3 Bd3 26. Na4 Nxa4 27. Bxa4 Ke7 28. Bb3 f6 29. f4 Kd6 30. Kf2 Kc5 31. Ke3 Bf1 32. Kf2 Bc4 33. Bxc4 Kxc4 34. Ke3 b5 35. g4 b4 36. h4 f5 37. gxf5 gxf5 38. h5 h6 39. Kd2 Kd4 40. a3 bxa3 41. bxa3 Ke4 42. Kc3 Kxf4 43. Kc4 Ke3 44. Kb5 f4 45. Kxa5 f3 46. Kb6 f2 47. a4 f1Q 48. a5 Qf6+ 49. Kb7 Qe7+ 50. Kb6 Qd8+ 51. Kb5 Qa8 52. a6 Kd4 53. Kb6 Kd5 54. a7 Qc6+ 55. Ka5 Kc4 56. a8R Qb5# 0-1

[Event "GRE-ch South U16"]
[Site "Athens"]
[Date "2020.08.31"]
[Round "5"]
[White "Koulis, Vasilis Iosif"]
[Black "Papadimitrakis, Georgios"]
[Result "1-0"]
[WhiteElo "1574"]
[BlackElo "1475"]
[PlyCount "69"]
[EventDate "2020.08.28"]
[EventType "swiss"]
[EventRounds "9"]
[EventCountry "GRE"]
[SourceTitle "EXT 2023"]
[Source "ChessBase"]
[SourceDate "2022.10.05"]
[SourceVersion "1"]
[SourceVersionDate "2022.10.05"]
[SourceQuality "1"]

1. Nf3 d5 2. c4 e6 3. g3 Nf6 4. Bg2 c5 5. cxd5 exd5 6. d4 Nc6 7. Nc3 h6 8. 0-0 Be7 9. dxc5 Bxc5 10. Na4 Bd6 11. b3 Be6 12. Bb2 0-0 13. Nd4 Nxd4 14. Qxd4 Qe7 15. Rfd1 Rfd8 16. Rac1 b6 17. Nc3 Bc5 18. Qd3 Rac8 19. Nb5 Ng4 20. Nd4 Qf6 21. f3 Ne5 22. Qd2 Nc6 23. Rxc5 Qe7 24. Rxc6 Rxc6 25. Nxc6 Qc5+ 26. Qd4 Qxd4+ 27. Rxd4 Rd7 28. f4 f6 29. Bxd5 Bxd5 30. Rxd5 Rc7 31. Nd4 Kf7 32. f5 Ke7 33. Ba3+ Ke8 34. Ne6 Rc8 35. Nxg7+ 1-0

[Event "GRE-ch South U16"]
[Site "Athens"]
[Date "2020.08.29"]
[Round "2"]
[White "Papadimitrakis, Georgios"]
[Black "Papaioannou, Dimitrios1111"]
[Result "0-1"]
[WhiteElo "1475"]
[BlackElo "1769"]
[PlyCount "128"]
[EventDate "2020.08.28"]
[EventType "swiss"]
[EventRounds "9"]
[EventCountry "GRE"]
[SourceTitle "EXT 2023"]
[Source "ChessBase"]
[SourceDate "2022.10.05"]
[SourceVersion "1"]
[SourceVersionDate "2022.10.05"]
[SourceQuality "1"]

1. e4 c5 2. Nf3 Nc6 3. c3 Nf6 4. e5 Nd5 5. d4 cxd4 6. cxd4 d6 7. Bc4 Nb6 8. Bb3 dxe5 9. dxe5 Qxd1+ 10. Bxd1 g6 11. 0-0 Bg7 12. Re1 0-0 13. Bb3 Bg4 14. Bf4 Bxf3 15. gxf3 e6 16. Nc3 Nd7 17. Rad1 Ndxe5 18. Kg2 Rfd8 19. Bg5 Rxd1 20. Rxd1 Na5 21. Ne4 Nxb3 22. axb3 f5 23. Nf6+ Kh8 24. Nd7 Nf7 25. Bf6 Bxf6 26. Nxf6 Kg7 27. Nd7 Rd8 28. Rd3 b6 29. Ne5 Rxd3 30. Nxd3 g5 31. f4 g4 32. f3 Kf6 33. fxg4 fxg4 34. Kg3 Kf5 35. Nf2 h5 36. h3 e5 37. fxe5 Nxe5 38. Nd1 Ke4 39. hxg4 hxg4 40. Nc3+ Kd3 41. Nb5 a5 42. Na3 Kd2 43. Kf4 Nd3+ 44. Kxg4 Nxb2 45. Kf4 Kc3 46. b4 Kxb4 47. Nc2+ Kc3 48. Na3 a4 49. Ke4 Kb3 50. Nb5 a3 51. Nd4+ Kc4 52. Nc2 a2 53. Na1 b5 54. Ke3 Kc3 55. Ke2 b4 56. Ke1 b3 57. Ke2 Nd3 58. Kd1 b2 59. Nc2 b1Q+ 60. Ke2 Qxc2+ 61. Kf3 a1Q 62. Kg3 Qg1+ 63. Kf3 Qe2+ 64. Kxe2 Qf2+ 0-1

[Event "GRE-ch South U16"]
[Site "Athens"]
[Date "2020.08.28"]
[Round "1"]
[White "Tzagarakis, Panagiotis"]
[Black "Papadimitrakis, Georgios"]
[Result "1-0"]
[WhiteElo "1952"]
[BlackElo "1475"]
[PlyCount "75"]
[EventDate "2020.08.28"]
[EventType "swiss"]
[EventRounds "9"]
[EventCountry "GRE"]
[SourceTitle "EXT 2023"]
[Source "ChessBase"]
[SourceDate "2022.10.05"]
[SourceVersion "1"]
[SourceVersionDate "2022.10.05"]
[SourceQuality "1"]

1. e4 c5 2. Nf3 Nc6 3. d4 cxd4 4. Nxd4 d6 5. Nc3 Nf6 6. Bg5 e6 7. Qd2 h6 8. Bxf6 Qxf6 9. Ndb5 Qd8 10. 0-0-0 Be7 11. Nxd6+ Bxd6 12. Qxd6 Qxd6 13. Rxd6 0-0 14. Bb5 Ne5 15. Rhd1 Ng4 16. h3 a6 17. hxg4 axb5 18. Rb6 f5 19. gxf5 exf5 20. e5 Ra6 21. Rxb5 Re8 22. f4 Rg6 23. Rd2 Kf7 24. Rb4 Rc6 25. Nb5 Re7 26. Rd8 Kg6 27. Na7 Rec7 28. Nxc6 bxc6 29. Rd6+ Kf7 30. a4 Be6 31. a5 Bd5 32. Rxd5 cxd5 33. a6 Rc8 34. a7 Ra8 35. Rb7+ Kg6 36. b4 h5 37. b5 Kh6 38. b6 1-0

[Event "GRE-ch U20"]
[Site "Chania"]
[Date "2018.04.11"]
[Round "2"]
[White "Papadimitrakis, Georgios"]
[Black "Kyriakogiannakis, Ioannis"]
[Result "1-0"]
[WhiteElo "1479"]
[BlackElo "1024"]
[PlyCount "141"]
[EventDate "2018.04.10"]
[EventType "swiss"]
[EventRounds "9"]
[EventCountry "GRE"]
[SourceTitle "CBM 184 Extra"]
[Source "ChessBase"]
[SourceDate "2018.06.28"]
[SourceVersion "1"]
[SourceVersionDate "2018.06.28"]
[SourceQuality "1"]
[WhiteTeam "Greece"]
[BlackTeam "Greece"]
[WhiteTeamCountry "GRE"]
[BlackTeamCountry "GRE"]

1. e4 c5 2. Nf3 d6 3. c3 Nc6 4. d4 cxd4 5. cxd4 Bg4 6. Be3 Nf6 7. Nc3 g6 8. Bb5 a6 9. Ba4 b5 10. Bc2 Bg7 11. 0-0 0-0 12. h3 Bd7 13. a3 e5 14. dxe5 dxe5 15. Nd5 Be6 16. Bb6 Qc8 17. Kh2 Qb7 18. Nxf6+ Bxf6 19. Bc5 Rfd8 20. Qe1 Rac8 21. Be3 Ne7 22. Rd1 Bc4 23. Rg1 Qc7 24. Rxd8+ Rxd8 25. Qc3 Rc8 26. Re1 Bg7 27. Bb3 Bxb3 28. Qxb3 Qc4 29. Qxc4 Rxc4 30. Rd1 f6 31. Rd6 Rc2 32. Rxa6 Rxb2 33. Rb6 Ra2 34. Rxb5 Rxa3 35. Bc5 Ra2 36. Bxe7 Rxf2 37. Kg3 Re2 38. Rb1 Kf7 39. Bc5 Ke6 40. Rb6+ Kf7 41. Rb7+ Kg8 42. Rb8+ Kf7 43. Rb7+ Kg8 44. Rb4 Kf7 45. Ng1 Rd2 46. Rb7+ Kg8 47. Rb3 f5 48. exf5 gxf5 49. Kf3 Bh6 50. Be3 Bxe3 51. Rxe3 e4+ 52. Kg3 Rd1 53. Ne2 Kf7 54. Nf4 Kf6 55. Rc3 Rf1 56. Rc6+ Kg7 57. Re6 Kf7 58. Re5 Kf6 59. Re8 Kf7 60. Ra8 Kf6 61. Ra7 Ke5 62. Re7+ Kd4 63. Rxh7 e3 64. Rd7+ Ke4 65. Re7+ Kd4 66. Re6 Rf2 67. h4 Rf1 68. h5 Rf2 69. h6 Rf1 70. h7 Rh1 71. Nh3 1-0

[Event "GRE-ch Schools Gymnasia-B 30th"]
[Site "Peristeri"]
[Date "2018.04.02"]
[Round "7"]
[White "Papadimitrakis, Georgios"]
[Black "Kasioumis, Vasilios"]
[Result "0-1"]
[WhiteElo "1479"]
[BlackElo "1858"]
[PlyCount "78"]
[EventDate "2018.04.01"]
[EventType "swiss (rapid)"]
[EventRounds "9"]
[EventCountry "GRE"]
[SourceTitle "EXT 2019"]
[Source "ChessBase"]
[SourceDate "2018.10.10"]
[SourceVersion "1"]
[SourceVersionDate "2018.10.10"]
[SourceQuality "1"]

1. e4 c5 2. Nf3 e6 3. c3 d5 4. exd5 Qxd5 5. d4 Nf6 6. Be2 Nc6 7. 0-0 cxd4 8. cxd4 Be7 9. Nc3 Qd6 10. h3 0-0 11. Be3 b6 12. Qd2 Bb7 13. Nb5 Qd8 14. Nc3 Rc8 15. Rac1 Nb4 16. a3 Nbd5 17. Bg5 Nxc3 18. bxc3 Ne4 19. Bxe7 Qxe7 20. Qe3 Qxa3 21. Ra1 Qxc3 22. Bd3 f5 23. Rxa7 Bd5 24. Raa1 Bc4 25. Rad1 Bxd3 26. Rxd3 Qc6 27. Ne5 Qd5 28. Rb1 b5 29. f3 Nd6 30. Nd7 Nc4 31. Qe2 Qxd7 32. d5 exd5 33. Qf2 f4 34. Qh4 Qf5 35. Rbd1 Ne3 36. Re1 Qxd3 37. Qe7 Rce8 38. Qd6 Qd2 39. Rb1 Qxg2# 0-1

[Event "GRE-ch Schools Gymnasia-B 30th"]
[Site "Peristeri"]
[Date "2018.04.01"]
[Round "5"]
[White "Papadimitrakis, Georgios"]
[Black "Topalidis, Ioannis D"]
[Result "1-0"]
[WhiteElo "1479"]
[BlackElo "1350"]
[PlyCount "123"]
[EventDate "2018.04.01"]
[EventType "swiss (rapid)"]
[EventRounds "9"]
[EventCountry "GRE"]
[SourceTitle "EXT 2019"]
[Source "ChessBase"]
[SourceDate "2018.10.10"]
[SourceVersion "1"]
[SourceVersionDate "2018.10.10"]
[SourceQuality "1"]

1. e4 e5 2. Nf3 Nc6 3. Bb5 a6 4. Ba4 Nf6 5. 0-0 b5 6. Bb3 d6 7. Re1 Na5 8. h3 Nxb3 9. axb3 Bb7 10. d3 g6 11. Bg5 Bg7 12. Nc3 0-0 13. Nd5 Bxd5 14. exd5 h6 15. Bh4 g5 16. Bg3 Nh5 17. Nxe5 Nxg3 18. Nc6 Qf6 19. fxg3 Rfe8 20. c3 Qg6 21. Ne7+ Rxe7 22. Rxe7 Bf6 23. Re4 Be5 24. Qf3 f5 25. Re2 Rf8 26. Rf1 h5 27. d4 g4 28. hxg4 hxg4 29. Qe3 Re8 30. dxe5 Rxe5 31. Qd3 Qg5 32. Rxe5 dxe5 33. Qxf5 Qe3+ 34. Qf2 Qh6 35. Qf6 Qe3+ 36. Kh2 Qe4 37. Qf8+ Kh7 38. Rf7+ Kg6 39. Qg7+ Kh5 40. Qh7+ Qxh7 41. Rxh7+ Kg6 42. Rxc7 Kf6 43. d6 Ke6 44. d7 Ke7 45. Ra7 e4 46. Kg1 e3 47. Kf1 Kd8 48. Ke2 a5 49. Kxe3 b4 50. c4 a4 51. c5 a3 52. bxa3 bxa3 53. c6 a2 54. Ra8+ Kc7 55. d8Q+ Kxc6 56. Rxa2 Kc5 57. Rc2+ Kb4 58. Qb6+ Ka3 59. Qa5+ Kxb3 60. Rc3+ Kb2 61. Qb4+ Ka2 62. Ra3# 1-0

[Event "GRE-chT 45th"]
[Site "Achaia"]
[Date "2017.07.05"]
[Round "4.10"]
[White "Papadimitrakis, Georgios"]
[Black "Kesidis, Odyseas"]
[Result "0-1"]
[WhiteElo "1358"]
[BlackElo "2194"]
[PlyCount "54"]
[EventDate "2017.07.03"]
[EventType "team-swiss"]
[EventRounds "7"]
[EventCountry "GRE"]
[SourceTitle "CBM 179 Extra"]
[Source "ChessBase"]
[SourceDate "2017.08.23"]
[SourceVersion "1"]
[SourceVersionDate "2017.08.23"]
[SourceQuality "1"]
[WhiteTeam "Chania Kaissa"]
[BlackTeam "Florinas OP"]
[WhiteTeamCountry "GRE"]
[BlackTeamCountry "GRE"]

1. e4 e5 2. Nf3 Nc6 3. d4 exd4 4. Bc4 Bc5 5. 0-0 d6 6. Ng5 Ne5 7. Bb3 h6 8. Qh5 g6 9. Qh4 Qf6 10. Qg3 hxg5 11. Bxg5 Qg7 12. f4 Ng4 13. h3 d3+ 14. Kh1 Ne3 15. Re1 Nxc2 16. Bxc2 dxc2 17. Nc3 f6 18. Bh4 Bd7 19. e5 0-0-0 20. Nd5 dxe5 21. fxe5 Bc6 22. exf6 Qd7 23. f7 Bxd5 24. fxg8Q Rdxg8 25. Re5 g5 26. Qc3 Rxh4 27. Qxc5 Qxh3+ 0-1

[Event "GRE-ch U14"]
[Site "Achaia"]
[Date "2017.06.29"]
[Round "5"]
[White "Papadimitrakis, Georgios"]
[Black "Kozyris, Ilias"]
[Result "0-1"]
[WhiteElo "1358"]
[BlackElo "1453"]
[PlyCount "68"]
[EventDate "2017.06.26"]
[EventType "swiss"]
[EventRounds "9"]
[EventCountry "GRE"]
[SourceTitle "EXT 2018"]
[Source "ChessBase"]
[SourceDate "2017.10.13"]
[SourceVersion "1"]
[SourceVersionDate "2017.10.13"]
[SourceQuality "1"]

1. e4 e5 2. Nf3 Nc6 3. Bb5 a6 4. Ba4 Nf6 5. 0-0 Be7 6. Re1 b5 7. Bb3 0-0 8. c3 d6 9. h3 Na5 10. Bc2 c5 11. d4 Nd7 12. Nbd2 exd4 13. cxd4 Nc6 14. Nf1 Bf6 15. Be3 Qb6 16. dxc5 dxc5 17. Rb1 Nde5 18. Nxe5 Bxe5 19. Qf3 Nd4 20. Bxd4 Bxd4 21. Ne3 Be6 22. Nf5 Bxf5 23. Qxf5 Qe6 24. e5 g6 25. Qe4 Rae8 26. Bb3 Qxe5 27. Qc6 Qxe1+ 28. Rxe1 Rxe1+ 29. Kh2 Be5+ 30. g3 c4 31. Bc2 Re2 32. Be4 Rxf2+ 33. Bg2 Rxb2 34. Qxa6 c3 0-1

[Event "Paleochora op 9th"]
[Site "Paleochora"]
[Date "2016.07.23"]
[Round "5"]
[White "Papadimitrakis, Georgios"]
[Black "Gevorgyan, Maria"]
[Result "0-1"]
[WhiteElo "1355"]
[BlackElo "2218"]
[PlyCount "76"]
[EventDate "2016.07.20"]
[EventType "swiss"]
[EventRounds "9"]
[EventCountry "GRE"]
[SourceTitle "EXT 2017"]
[Source "ChessBase"]
[SourceDate "2016.10.25"]
[SourceVersion "1"]
[SourceVersionDate "2016.10.25"]
[SourceQuality "1"]

1. e4 e5 2. Nf3 Nf6 3. Nxe5 d6 4. Nf3 Nxe4 5. d4 d5 6. Bd3 Nc6 7. h3 Be7 8. 0-0 Nb4 9. Be2 0-0 10. c3 Nc6 11. Bf4 Bd6 12. Ne5 Qf6 13. Qc1 Nxe5 14. dxe5 Bxe5 15. Bxe5 Qxe5 16. Qe3 f5 17. f4 Qe6 18. Na3 c6 19. Rad1 Qg6 20. Rf3 Re8 21. Qd3 Be6 22. Nc2 Bf7 23. Nd4 c5 24. Nb5 Qb6 25. Qc2 Rad8 26. Kh2 a6 27. Na3 Bh5 28. Rff1 Bxe2 29. Qxe2 Nxc3 30. Qc2 Nxd1 31. Rxd1 Re4 32. Qc1 Qc7 33. Rf1 b5 34. Nc2 d4 35. Nb4 c4 36. Nxa6 Qd6 37. Qd2 Qxa6 38. a3 d3 0-1

[Event "GRE-chT 44th"]
[Site "Achaia"]
[Date "2016.07.06"]
[Round "2.1"]
[White "Papadimitrakis, Georgios"]
[Black "Filippas, Sebastian"]
[Result "1-0"]
[WhiteElo "1355"]
[BlackElo "2306"]
[PlyCount "149"]
[EventDate "2016.07.05"]
[EventType "team-swiss"]
[EventRounds "7"]
[EventCountry "GRE"]
[SourceTitle "CBM 173 Extra"]
[Source "ChessBase"]
[SourceDate "2016.08.29"]
[SourceVersion "1"]
[SourceVersionDate "2016.08.29"]
[SourceQuality "1"]
[WhiteTeam "Chania Kaissa"]
[BlackTeam "Peristeriou CP"]
[WhiteTeamCountry "GRE"]
[BlackTeamCountry "GRE"]

1. e4 d5 2. exd5 Qxd5 3. Nc3 Qd6 4. h3 Nf6 5. Nf3 a6 6. d4 Nc6 7. Bd3 g6 8. 0-0 Bg7 9. Be3 0-0 10. a3 b5 11. Qd2 Bb7 12. Rad1 Nd8 13. Bf4 Qb6 14. Qe3 Ne6 15. Be5 Rad8 16. Be2 Rd7 17. Rd2 Rfd8 18. Rfd1 Bf8 19. b4 Ng7 20. Nh4 Nfe8 21. d5 Qxe3 22. fxe3 e6 23. e4 exd5 24. exd5 Be7 25. Nf3 Nf5 26. Kf2 Nf6 27. g4 Nd6 28. Bxf6 Bxf6 29. Nd4 Ne8 30. Bf3 Nd6 31. Rd3 Nc4 32. Nc6 Nb2 33. Nxd8 Rxd8 34. Ne4 Nxd1+ 35. Rxd1 Bh4+ 36. Ng3 Kf8 37. d6 c6 38. Kg2 Bxg3 39. Kxg3 f6 40. Kf4 h6 41. Be4 Kf7 42. d7 Ke7 43. Bxg6 Rxd7 44. Rxd7+ Kxd7 45. Be4 Ke6 46. c3 Kf7 47. h4 Ke7 48. h5 Kf7 49. Bf5 Ke7 50. Ke3 Kd6 51. Kd4 a5 52. bxa5 c5+ 53. Kd3 Ba6 54. Ke3 Ke5 55. Be4 Bc8 56. Bc6 Ba6 57. Kf3 Kd6 58. Be4 Ke5 59. Ke3 Bc8 60. Bd3 Ba6 61. a4 c4 62. axb5 Bxb5 63. Be4 Ba6 64. Kf3 Bc8 65. Bc6 Ba6 66. Bd7 Kd6 67. Be8 Ke5 68. Ke3 Kd5 69. Kf4 Bc8 70. Bf7+ Kc5 71. Bg6 Kb5 72. Bf7 Kc5 73. a6 Bxa6 74. Kf5 Bc8+ 75. Be6 1-0

[Event "GRE-ch U12"]
[Site "Porto Rio"]
[Date "2016.07.03"]
[Round "8"]
[White "Papadimitrakis, Georgios"]
[Black "Kouvidis, Ioannis"]
[Result "1-0"]
[WhiteElo "1355"]
[BlackElo "1275"]
[PlyCount "41"]
[EventDate "2016.06.28"]
[EventType "swiss"]
[EventRounds "9"]
[EventCountry "GRE"]
[SourceTitle "CBM 173 Extra"]
[Source "ChessBase"]
[SourceDate "2016.08.29"]
[SourceVersion "1"]
[SourceVersionDate "2016.08.29"]
[SourceQuality "1"]

1. e4 c5 2. Nf3 Nc6 3. Bb5 Nd4 4. Nxd4 cxd4 5. c3 e5 6. 0-0 a6 7. Ba4 dxc3 8. bxc3 Nf6 9. d4 exd4 10. cxd4 Be7 11. Bg5 0-0 12. Nc3 b5 13. Bc2 Qc7 14. e5 Qxc3 15. exf6 Ba3 16. fxg7 Kxg7 17. Be7 Bxe7 18. Qg4+ Kh8 19. Qf5 Kg7 20. Qxh7+ Kf6 21. Qh6# 1-0

[Event "EU-ch U12 25th"]
[Site "Porec"]
[Date "2015.09.30"]
[Round "9"]
[White "Papadimitrakis, Georgios"]
[Black "Marko, Pirro"]
[Result "1/2-1/2"]
[WhiteElo "1519"]
[BlackElo "1396"]
[PlyCount "86"]
[EventDate "2015.09.21"]
[EventType "swiss"]
[EventRounds "9"]
[EventCountry "CRO"]
[SourceTitle "EXT 2016"]
[Source "ChessBase"]
[SourceDate "2015.10.08"]
[SourceVersion "1"]
[SourceVersionDate "2015.10.08"]
[SourceQuality "1"]

1. e4 e5 2. Nf3 Nc6 3. Bb5 a6 4. Ba4 Nf6 5. 0-0 Be7 6. Re1 b5 7. Bb3 0-0 8. c3 d6 9. d4 Bg4 10. dxe5 Nxe5 11. Nbd2 Qc8 12. h3 Bh5 13. Qe2 c5 14. Qe3 Qc7 15. Nxe5 dxe5 16. c4 Rfd8 17. Bc2 Rd7 18. b3 Rad8 19. Nf1 b4 20. Bb2 h6 21. Qg3 Bd6 22. Ne3 Bg6 23. Ng4 Nxg4 24. Qxg4 Be7 25. Rad1 Rd2 26. Rxd2 Rxd2 27. Re2 Rxe2 28. Qxe2 Qd6 29. Qd3 Qxd3 30. Bxd3 Bd6 31. Kf1 Kf8 32. Ke2 Ke7 33. f4 f6 34. f5 Bf7 35. Kf3 Kd7 36. Kg3 Ke8 37. Be2 g5 38. h4 Kf8 39. Kh3 Kg7 40. h5 Kf8 41. g4 Ke7 42. a3 a5 43. axb4 axb4 1/2-1/2

[Event "GRE-ch U12"]
[Site "Rio Achaia"]
[Date "2015.07.01"]
[Round "8.7"]
[White "Papadimitrakis, Georgios"]
[Black "Leftheriotis, Alexandros"]
[Result "0-1"]
[WhiteElo "1398"]
[BlackElo "1385"]
[PlyCount "48"]
[EventDate "2015.06.26"]
[EventType "swiss"]
[EventRounds "9"]
[EventCountry "GRE"]
[SourceTitle "EXT 2024"]
[Source "ChessBase"]
[SourceDate "2023.10.10"]
[SourceVersion "1"]
[SourceVersionDate "2023.10.10"]
[SourceQuality "1"]

1. e4 c5 2. c3 g6 3. d4 cxd4 4. cxd4 d5 5. e5 Nc6 6. f4 Nh6 7. Nf3 Bg4 8. Be2 Nf5 9. Nc3 e6 10. 0-0 Bxf3 11. Bxf3 Nfxd4 12. Bg4 Rc8 13. Be3 Nf5 14. Bxf5 gxf5 15. Qh5 d4 16. Rad1 Qa5 17. Bxd4 Nxd4 18. Rxd4 Bc5 19. Ne2 Bxd4+ 20. Nxd4 Qc5 21. Rd1 Rd8 22. Kh1 Rxd4 23. Rxd4 Qxd4 24. h3 Qxf4 0-1

[Event "GRE-ch U12"]
[Site "Rio Achaia"]
[Date "2015.06.30"]
[Round "7.9"]
[White "Liakos, Christos Konstanti"]
[Black "Papadimitrakis, Georgios"]
[Result "0-1"]
[WhiteElo "1409"]
[BlackElo "1398"]
[PlyCount "220"]
[EventDate "2015.06.26"]
[EventType "swiss"]
[EventRounds "9"]
[EventCountry "GRE"]
[SourceTitle "EXT 2024"]
[Source "ChessBase"]
[SourceDate "2023.10.10"]
[SourceVersion "1"]
[SourceVersionDate "2023.10.10"]
[SourceQuality "1"]

1. e4 c5 2. Nc3 Nc6 3. g3 d6 4. Bg2 g6 5. d3 Bg7 6. Be3 e6 7. Qd2 Nge7 8. Bh6 0-0 9. Nge2 d5 10. 0-0 Re8 11. Bxg7 Kxg7 12. Rfe1 Rb8 13. Nf4 d4 14. Na4 Qd6 15. b3 b5 16. Nb2 e5 17. Nh3 Qf6 18. Rf1 Rf8 19. f4 Bd7 20. Rf2 Ng8 21. Raf1 Nce7 22. Ng5 h6 23. Nh3 Kh7 24. fxe5 Qg7 25. Qf4 Be6 26. a4 a6 27. g4 Nc6 28. g5 h5 29. axb5 axb5 30. Qg3 Qxe5 31. Nf4 Bd7 32. Nxh5 Qxg3 33. Rxf7+ Rxf7 34. Rxf7+ Kh8 35. Nxg3 Ne5 36. Rf4 Ra8 37. Rf2 Ra1+ 38. Nf1 Rb1 39. Nc4 bxc4 40. dxc4 Rc1 41. h4 Bg4 42. Kh2 Bd1 43. Rf8 Rxc2 44. Kg1 Rc1 45. Kh2 Bxb3 46. Nd2 Bxc4 47. Re8 Ng4+ 48. Kg3 Ne3 49. e5 Rc2 50. Nxc4 Rxc4 51. e6 Nf5+ 52. Kf2 d3 53. Bh3 Nfe7 54. Rd8 Rc2+ 55. Ke1 c4 56. Rd4 Rc3 57. Kd2 Rc2+ 58. Ke1 Kg7 59. Bg4 Nc6 60. Rd7+ Nge7 61. Bf3 Kf8 62. Rd6 Ne5 63. Bd1 Ra2 64. Rd8+ Kg7 65. Re8 Ra7 66. Kd2 Nd5 67. Rb8 c3+ 68. Kc1 Ra1+ 69. Rb1 Rxb1+ 70. Kxb1 c2+ 71. Bxc2 dxc2+ 72. Kxc2 Nf4 73. Kd2 Nxe6 74. Ke3 Nc4+ 75. Kf3 Nd2+ 76. Kg4 Nc4 77. h5 Nf8 78. hxg6 Nxg6 79. Kf5 Nd6+ 80. Ke6 Ne4 81. Kf5 Nf2 82. Ke6 Nh3 83. Kf5 Nhf4 84. Kg4 Kf7 85. Kf3 Ke6 86. Ke4 Kd6 87. Kf5 Kd5 88. Kf6 Kd6 89. Kf5 Ke7 90. Kg4 Ke6 91. Kf3 Kf5 92. Ke3 Ke5 93. Kf3 Nh4+ 94. Kg4 Nhg6 95. Kf3 Kd4 96. Kg4 Ke4 97. Kg3 Nh5+ 98. Kg4 Ng7 99. Kg3 Ke3 100. Kg4 Ne5+ 101. Kg3 Nf5+ 102. Kg2 Ng6 103. Kh3 Kf3 104. Kh2 Nf4 105. Kg1 Ne3 106. Kh2 Kf2 107. g6 Ng4+ 108. Kh1 Kf1 109. g7 Nh3 110. g8Q Nhf2# 0-1

[Event "GRE-ch U12"]
[Site "Rio Achaia"]
[Date "2015.06.27"]
[Round "3.6"]
[White "Alexakis, Dimitris"]
[Black "Papadimitrakis, Georgios"]
[Result "1/2-1/2"]
[WhiteElo "1827"]
[BlackElo "1398"]
[PlyCount "56"]
[EventDate "2015.06.26"]
[EventType "swiss"]
[EventRounds "9"]
[EventCountry "GRE"]
[SourceTitle "EXT 2024"]
[Source "ChessBase"]
[SourceDate "2023.10.10"]
[SourceVersion "1"]
[SourceVersionDate "2023.10.10"]
[SourceQuality "1"]

1. e4 c5 2. Nf3 d6 3. Bb5+ Nd7 4. 0-0 Ngf6 5. Re1 Qc7 6. c3 a6 7. Ba4 b5 8. Bc2 g6 9. d4 cxd4 10. cxd4 Bb7 11. a3 Rd8 12. Nc3 Bg7 13. h3 0-0 14. Qe2 e5 15. d5 Nb6 16. Bd3 Rc8 17. Na2 Na4 18. b4 Qd7 19. Be3 Rc7 20. Reb1 Rfc8 21. Nd2 Nh5 22. Re1 Ba8 23. Nb3 Nf4 24. Bxf4 exf4 25. Rab1 Re8 26. f3 Bxd5 27. Qd2 Ba8 28. Qxf4 Nb2 1/2-1/2

[Event "GRE-ch U12"]
[Site "Rio Achaia"]
[Date "2015.06.27"]
[Round "2.7"]
[White "Papadimitrakis, Georgios"]
[Black "Zaronikas, Dimitrios"]
[Result "1/2-1/2"]
[WhiteElo "1398"]
[BlackElo "1612"]
[PlyCount "60"]
[EventDate "2015.06.26"]
[EventType "swiss"]
[EventRounds "9"]
[EventCountry "GRE"]
[SourceTitle "EXT 2024"]
[Source "ChessBase"]
[SourceDate "2023.10.10"]
[SourceVersion "1"]
[SourceVersionDate "2023.10.10"]
[SourceQuality "1"]

1. e4 e6 2. d4 d5 3. exd5 exd5 4. c4 Bb4+ 5. Nc3 Nf6 6. Bg5 Bxc3+ 7. bxc3 c6 8. Bd3 0-0 9. Ne2 Nbd7 10. 0-0 Qa5 11. Bf4 dxc4 12. Bxc4 Nb6 13. Bd3 Qh5 14. Ng3 Qh4 15. Qd2 h6 16. Nf5 Bxf5 17. Bxf5 Nc4 18. Qc1 Nd5 19. Bg3 Qh5 20. Bd3 b5 21. Bxc4 bxc4 22. Qc2 f5 23. Be5 Nb6 24. Rae1 f4 25. f3 Qf5 26. Qxf5 Rxf5 27. Re4 Nd5 28. Rc1 a5 29. Re2 Ra7 30. Rb2 Kf7 1/2-1/2

[Event "GRE-ch U10"]
[Site "Greece"]
[Date "2014.07.09"]
[Round "8"]
[White "Vizirakis, Stavros"]
[Black "Papadimitrakis, Georgios"]
[Result "0-1"]
[WhiteElo "1053"]
[BlackElo "1379"]
[PlyCount "116"]
[EventDate "2014.07.04"]
[EventType "swiss"]
[EventRounds "9"]
[EventCountry "GRE"]
[SourceTitle "EXT 2017"]
[Source "ChessBase"]
[SourceDate "2016.10.25"]
[SourceVersion "1"]
[SourceVersionDate "2016.10.25"]
[SourceQuality "1"]

1. e4 c5 2. Nf3 d6 3. d4 cxd4 4. Nxd4 Nf6 5. Nc3 a6 6. Be2 g6 7. 0-0 Bg7 8. Be3 0-0 9. f4 Qc7 10. Bf3 Nc6 11. e5 dxe5 12. Nxc6 bxc6 13. fxe5 Qxe5 14. Bxc6 Qxe3+ 15. Kh1 Bg4 16. Qe1 Qxe1 17. Rfxe1 Rac8 18. Bb7 Rb8 19. Bxa6 Rxb2 20. Bd3 e5 21. h3 Be6 22. a4 Nd5 23. Ne4 Nb4 24. a5 Nxd3 25. cxd3 Ra8 26. Nc5 Rb5 27. Nxe6 fxe6 28. a6 Rb6 29. a7 Rb7 30. Ra6 Kf7 31. Rc6 Raxa7 32. g4 Rd7 33. Rf1+ Ke7 34. Rc8 Rd8 35. Rfc1 Rad7 36. Rxd8 Rxd8 37. Rc7+ Rd7 38. Rxd7+ Kxd7 39. Kg2 Kd6 40. Kf3 Kd5 41. Ke3 g5 42. Ke2 Kd4 43. Kd2 e4 44. dxe4 Kxe4 45. Ke2 e5 46. Kf2 Kd3 47. Ke1 Ke3 48. Kf1 Kd2 49. Kg2 e4 50. h4 e3 51. h5 e2 52. h6 Bxh6 53. Kf3 e1Q 54. Kg2 Qe3 55. Kf1 Qe2+ 56. Kg1 Ke3 57. Kh1 Kf3 58. Kg1 Qg2# 0-1